| 000 | 00806nam a2200241Ia 4500 | ||
|---|---|---|---|
| 001 | dia_3959 | ||
| 003 | CHAP | ||
| 005 | 20221002191942.0 | ||
| 008 | 220117s1998 xx 000 0 und d | ||
| 010 | _a174567 | ||
| 040 | _cCHAP | ||
| 090 | _aFOLLETO 2688 | ||
| 100 |
_aMoreno Ramos, Oscar Humberto _978687 |
||
| 245 |
_aTecnología de Alta Eficiencia Económica para la producción de trigo / _c Oscar Humberto Moreno Ramos |
||
| 260 |
_aSonora, México : _b Centro de Investigación Regional del Noreste, Campo Experimental Valle del Yaqui, _c1998 |
||
| 300 | _a44 p. | ||
| 500 | _aS/c (Folleto técnico, 36) | ||
| 650 |
_aTrigo _xProducción _9115082 |
||
| 901 | _aFOLLETO 2688 | ||
| 902 | _aM | ||
| 905 | _a0000001998 mx A 0000000000spa00 | ||
| 942 |
_cFOLL _2local |
||
| 999 |
_c174567 _d174567 |
||